[Event "GER-ch Blitz 2019"]
[Site "Magdeburg"]
[Date "2019.05.25"]
[Round "26.4"]
[White "Stein, Robert"]
[Black "Carow, Johannes"]
[Result "1-0"]
[WhiteElo "2318"]
[BlackElo "2445"]
[Annotator "NA"]
[PlyCount "77"]
[EventDate "2019.05.25"]
[EventType "tourn"]
[EventCountry "GER"]
[Tiebreak "Number of wins+Number of black wins"]
[SourceTitle "playchess.com"]
[Source "ChessBase"]
[SourceQuality "1"]
[TimeControl "180+2"]

1. d4 {[%emt 0:00:00]} d5 {[%emt 0:00:00]} 2. c4 {[%emt 0:00:00]} dxc4 {
[%emt 0:00:00]} 3. Nf3 {[%emt 0:00:02]} Nf6 {[%emt 0:00:01]} 4. e3 {[%emt 0:00:
00]} Bg4 {[%emt 0:00:01]} 5. Bxc4 {[%emt 0:00:01]} e6 {[%emt 0:00:01]} 6. O-O {
[%emt 0:00:05]} a6 {[%emt 0:00:01]} 7. Be2 {[%emt 0:00:08]} Nc6 {[%emt 0:00:06]
} 8. b3 {[%emt 0:00:02]} Be7 {[%emt 0:00:09]} 9. Bb2 {[%emt 0:00:01]} O-O {
[%emt 0:00:02]} 10. Nbd2 {[%emt 0:00:01]} b5 {[%emt 0:00:11]} 11. Rc1 {[%emt 0:
00:03]} Nb4 {[%emt 0:00:02]} 12. a3 {[%emt 0:00:04]} Nbd5 {[%emt 0:00:02]} 13.
Ne5 {[%emt 0:00:01]} Bxe2 {[%emt 0:00:05]} 14. Qxe2 {[%emt 0:00:02]} Bd6 {
[%emt 0:00:06]} 15. Nc6 {[%emt 0:00:16]} Qd7 {[%emt 0:00:07]} 16. e4 {[%emt 0:
00:02]} Ne7 {[%emt 0:00:13]} 17. Na5 {[%emt 0:00:26]} Bf4 {[%emt 0:00:10]} 18.
Rc2 {[%emt 0:00:11]} c6 {[%emt 0:00:38]} 19. Nf3 {[%emt 0:00:04]} Rfc8 {
[%emt 0:00:16]} 20. b4 {[%emt 0:00:02]} Bc7 {[%emt 0:00:11]} 21. Nb3 {[%emt 0:
00:04]} Bb6 {[%emt 0:00:01]} 22. Rfc1 {[%emt 0:00:09]} Ng6 {[%emt 0:00:05]} 23.
g3 {[%emt 0:00:18]} a5 {[%emt 0:00:11]} 24. Nc5 {[%emt 0:00:10]} Qe7 {[%emt 0:
00:06]} 25. Nd3 {[%emt 0:00:09]} Qb7 {[%emt 0:00:08]} 26. Nfe5 {[%emt 0:00:09]}
Nxe5 {[%emt 0:00:11]} 27. Nxe5 {[%emt 0:00:02]} axb4 {[%emt 0:00:07]} 28. axb4
{[%emt 0:00:01]} Ne8 {[%emt 0:00:37]} 29. Nxc6 {[%emt 0:00:09]} Nd6 {[%emt 0:
00:02]} 30. d5 {[%emt 0:00:21]} Nc4 {[%emt 0:00:05]} 31. Qg4 {[%emt 0:00:19]}
f5 {[%emt 0:00:03]} 32. Qg5 {[%emt 0:00:17]} exd5 {[%emt 0:00:01]} 33. Ne7+ {
[%emt 0:00:00]} Kf7 {[%emt 0:00:04]} 34. Qxg7+ {[%emt 0:00:04]} Ke8 {[%emt 0:
00:00]} 35. Qg8+ {[%emt 0:00:01]} Kd7 {[%emt 0:00:03]} 36. Nxc8 {[%emt 0:00:01]
} Rxc8 {[%emt 0:00:00]} 37. Qf7+ {[%emt 0:00:03]} Kc6 {[%emt 0:00:02]} 38.
Qxd5+ {[%emt 0:00:02]} Kc7 {[%emt 0:00:00]} 39. Be5# {[%emt 0:00:01]} 1-0

[Event "GER-ch Blitz 2019"]
[Site "Magdeburg"]
[Date "2019.05.25"]
[Round "26.5"]
[White "Schneider, Ilja"]
[Black "Schmaltz, Roland"]
[Result "1-0"]
[WhiteElo "2494"]
[BlackElo "2461"]
[Annotator "ChessBase"]
[PlyCount "68"]
[EventDate "2019.05.25"]
[EventType "tourn"]
[EventCountry "GER"]
[Tiebreak "Number of wins+Number of black wins"]
[SourceTitle "playchess.com"]
[Source "ChessBase"]
[SourceQuality "1"]
[TimeControl "180+2"]

1. d4 {[%emt 0:00:00]} g6 {[%emt 0:00:00]} 2. e4 {[%emt 0:00:01]} d6 {[%emt 0:
00:00]} 3. Nc3 {[%emt 0:00:00]} Nf6 {[%emt 0:00:00]} 4. Nge2 {[%emt 0:00:03]}
Bg7 {[%emt 0:00:03]} 5. g3 {[%emt 0:00:01]} O-O {[%emt 0:00:01]} 6. Bg2 {
[%emt 0:00:01]} e5 {[%emt 0:00:02]} 7. dxe5 {[%emt 0:00:09]} dxe5 {[%emt 0:00:
01]} 8. Qxd8 {[%emt 0:00:01]} Rxd8 {[%emt 0:00:01]} 9. Bg5 {[%emt 0:00:02]} c6
{[%emt 0:00:07]} 10. O-O {[%emt 0:00:01]} Nbd7 {[%emt 0:00:07]} 11. Rad1 {
[%emt 0:00:04]} Re8 {[%emt 0:00:01]} 12. Nc1 {[%emt 0:00:09]} h6 {[%emt 0:00:
03]} 13. Be3 {[%emt 0:00:01]} Ng4 {[%emt 0:00:06]} 14. Bd2 {[%emt 0:00:01]} Nc5
{[%emt 0:00:05]} 15. h3 {[%emt 0:00:07]} Nf6 {[%emt 0:00:01]} 16. Be3 {[%emt 0:
00:04]} Ne6 {[%emt 0:00:02]} 17. Nd3 {[%emt 0:00:04]} Nd7 {[%emt 0:00:07]} 18.
f4 {[%emt 0:00:17]} exf4 {[%emt 0:00:19]} 19. gxf4 {[%emt 0:00:02]} Nb6 {
[%emt 0:00:04]} 20. e5 {[%emt 0:00:10]} Nc4 {[%emt 0:00:06]} 21. Bc1 {[%emt 0:
00:01]} Nd4 {[%emt 0:00:08]} 22. Rf2 {[%emt 0:00:16]} Nf5 {[%emt 0:00:06]} 23.
b3 {[%emt 0:00:07]} Nce3 {[%emt 0:00:04]} 24. Re1 {[%emt 0:00:06]} Nxg2 {
[%emt 0:00:03]} 25. Kxg2 {[%emt 0:00:02]} b6 {[%emt 0:00:05]} 26. Rd2 {[%emt 0:
00:10]} Bb7 {[%emt 0:00:03]} 27. Nf2 {[%emt 0:00:04]} c5+ {[%emt 0:00:05]} 28.
Nd5 {[%emt 0:00:12]} Rad8 {[%emt 0:00:14]} 29. c4 {[%emt 0:00:01]} Ne7 {
[%emt 0:00:13]} 30. Red1 {[%emt 0:00:03]} Nxd5 {[%emt 0:00:05]} 31. Kg3 {
[%emt 0:00:22]} g5 {[%emt 0:00:06]} 32. cxd5 {[%emt 0:00:36]} gxf4+ {[%emt 0:
00:01]} 33. Kxf4 {[%emt 0:00:11]} Bxe5+ {[%emt 0:00:02]} 34. Kf3 {[%emt 0:00:
06]} Bd4 {[%emt 0:00:06] Ke4} 1-0

[Event "GER-ch Blitz 2019"]
[Site "Magdeburg"]
[Date "2019.05.25"]
[Round "26.6"]
[White "Kopylov, Daniel"]
[Black "Krause, Benedict"]
[Result "0-1"]
[WhiteElo "2263"]
[BlackElo "2434"]
[Annotator "NA"]
[PlyCount "106"]
[EventDate "2019.05.25"]
[EventType "tourn"]
[EventCountry "GER"]
[Tiebreak "Number of wins+Number of black wins"]
[SourceTitle "playchess.com"]
[Source "ChessBase"]
[SourceQuality "1"]
[TimeControl "180+2"]

1. e4 {[%emt 0:00:00]} c5 {[%emt 0:00:00]} 2. Nf3 {[%emt 0:00:00]} e6 {[%emt 0:
00:00]} 3. g3 {[%emt 0:00:02]} d5 {[%emt 0:00:00]} 4. exd5 {[%emt 0:00:01]}
exd5 {[%emt 0:00:01]} 5. d4 {[%emt 0:00:01]} Nf6 {[%emt 0:00:02]} 6. Bg2 {
[%emt 0:00:01]} Be7 {[%emt 0:00:01]} 7. O-O {[%emt 0:00:02]} O-O {[%emt 0:00:
02]} 8. dxc5 {[%emt 0:00:04]} Bxc5 {[%emt 0:00:02]} 9. Bg5 {[%emt 0:00:01]} Be6
{[%emt 0:00:20]} 10. Nc3 {[%emt 0:00:03]} Nc6 {[%emt 0:00:01]} 11. Bxf6 {
[%emt 0:00:06]} Qxf6 {[%emt 0:00:01]} 12. Nxd5 {[%emt 0:01:03]} Qxb2 {[%emt 0:
00:02]} 13. Nf4 {[%emt 0:00:03]} Rad8 {[%emt 0:00:18]} 14. Qb1 {[%emt 0:00:08]}
Qxb1 {[%emt 0:00:21]} 15. Raxb1 {[%emt 0:00:02]} Bxa2 {[%emt 0:00:20]} 16. Rxb7
{[%emt 0:00:02]} Nd4 {[%emt 0:00:05]} 17. Nd3 {[%emt 0:00:38]} Nxf3+ {[%emt 0:
00:17]} 18. Bxf3 {[%emt 0:00:05]} Bb6 {[%emt 0:00:01]} 19. Re1 {[%emt 0:00:07]}
Be6 {[%emt 0:00:09]} 20. Nf4 {[%emt 0:00:09]} Bf5 {[%emt 0:00:07]} 21. c4 {
[%emt 0:00:12]} Rd2 {[%emt 0:00:05]} 22. Re2 {[%emt 0:00:11]} Rxe2 {[%emt 0:00:
01]} 23. Nxe2 {[%emt 0:00:14]} Bd3 {[%emt 0:00:03]} 24. Nf4 {[%emt 0:00:21]}
Bxc4 {[%emt 0:00:03]} 25. Nd5 {[%emt 0:00:01]} Ba6 {[%emt 0:00:37]} 26. Rd7 {
[%emt 0:00:02]} Bc8 {[%emt 0:00:06]} 27. Nxb6 {[%emt 0:00:02]} Bxd7 {[%emt 0:
00:35]} 28. Nxd7 {[%emt 0:00:01]} Rc8 {[%emt 0:00:01]} 29. Ne5 {[%emt 0:00:04]}
a5 {[%emt 0:00:02]} 30. Nc6 {[%emt 0:00:01]} Rc7 {[%emt 0:00:10]} 31. Nxa5 {
[%emt 0:00:02]} g6 {[%emt 0:00:00]} 32. Nb3 {[%emt 0:00:02]} h5 {[%emt 0:00:01]
} 33. h4 {[%emt 0:00:01]} Kg7 {[%emt 0:00:00]} 34. Nd2 {[%emt 0:00:05]} Rd7 {
[%emt 0:00:02]} 35. Nf1 {[%emt 0:00:02]} Ra7 {[%emt 0:00:03]} 36. Kg2 {[%emt 0:
00:00]} Ra5 {[%emt 0:00:01]} 37. Ne3 {[%emt 0:00:01]} f6 {[%emt 0:00:03]} 38.
Be2 {[%emt 0:00:01]} Ra2 {[%emt 0:00:02]} 39. Bd3 {[%emt 0:00:01]} Ra3 {
[%emt 0:00:01]} 40. Be2 {[%emt 0:00:02]} Ra2 {[%emt 0:00:01]} 41. Bf3 {[%emt 0:
00:01]} Ra3 {[%emt 0:00:01]} 42. Bd5 {[%emt 0:00:03]} g5 {[%emt 0:00:03]} 43.
Nf5+ {[%emt 0:00:03]} Kg6 {[%emt 0:00:01]} 44. Be4 {[%emt 0:00:01]} Kf7 {
[%emt 0:00:01]} 45. Nd6+ {[%emt 0:00:04]} Ke6 {[%emt 0:00:02]} 46. Nc4 {
[%emt 0:00:08]} Rc3 {[%emt 0:00:02]} 47. Ne3 {[%emt 0:00:01]} Ke5 {[%emt 0:00:
02]} 48. Bf3 {[%emt 0:00:03]} g4 {[%emt 0:00:03]} 49. Bd5 {[%emt 0:00:02]} Rxe3
{[%emt 0:00:01]} 50. fxe3 {[%emt 0:00:01]} Kxd5 51. Kf2 Ke4 52. Ke2 {[%emt 0:
00:04]} f5 {[%emt 0:00:01]} 53. Kf2 {[%emt 0:00:03]} Kd3 {[%emt 0:00:01]} 0-1

[Event "GER-ch Blitz 2019"]
[Site "Magdeburg"]
[Date "2019.05.25"]
[Round "26.7"]
[White "Hebbinghaus, Holger"]
[Black "Zelbel, Patrick"]
[Result "1/2-1/2"]
[WhiteElo "2310"]
[BlackElo "2439"]
[Annotator "NA"]
[PlyCount "50"]
[EventDate "2019.05.25"]
[EventType "tourn"]
[EventCountry "GER"]
[Tiebreak "Number of wins+Number of black wins"]
[SourceTitle "playchess.com"]
[Source "ChessBase"]
[SourceQuality "1"]
[TimeControl "180+2"]

1. e4 {[%emt 0:00:00]} e5 {[%emt 0:00:00]} 2. Nf3 {[%emt 0:00:00]} Nc6 {
[%emt 0:00:00]} 3. Nc3 {[%emt 0:00:01]} Nf6 {[%emt 0:00:00]} 4. d4 {[%emt 0:00:
00]} exd4 5. Nxd4 {[%emt 0:00:01]} Bb4 {[%emt 0:00:02]} 6. Nxc6 {[%emt 0:00:03]
} bxc6 {[%emt 0:00:00]} 7. Bd3 {[%emt 0:00:01]} O-O {[%emt 0:00:02]} 8. O-O {
[%emt 0:00:01]} d5 {[%emt 0:00:00]} 9. exd5 {[%emt 0:00:02]} cxd5 {[%emt 0:00:
01]} 10. h3 {[%emt 0:00:01]} Rb8 {[%emt 0:00:06]} 11. Qf3 {[%emt 0:00:09]} Bb7
{[%emt 0:00:01]} 12. Bg5 {[%emt 0:00:17]} Be7 {[%emt 0:00:01]} 13. Rfe1 {
[%emt 0:00:43]} d4 {[%emt 0:00:17]} 14. Ne4 {[%emt 0:00:08]} Nxe4 {[%emt 0:00:
02]} 15. Bxe7 {[%emt 0:00:03]} Qxe7 {[%emt 0:00:02]} 16. Bxe4 {[%emt 0:00:01]}
Bxe4 {[%emt 0:00:01]} 17. Rxe4 {[%emt 0:00:02]} Qb4 {[%emt 0:00:35]} 18. b3 {
[%emt 0:00:06]} Rfe8 {[%emt 0:00:10]} 19. Rd1 {[%emt 0:00:25]} c5 {[%emt 0:00:
15]} 20. a4 {[%emt 0:00:19]} h6 {[%emt 0:00:10]} 21. Qe2 {[%emt 0:00:04]} Rxe4
22. Qxe4 {[%emt 0:00:01]} Rd8 {[%emt 0:00:28]} 23. Qe7 {[%emt 0:00:19]} Qb6 {
[%emt 0:00:08]} 24. Rd2 {[%emt 0:00:17]} a6 {[%emt 0:00:09]} 25. Qe4 {[%emt 0:
00:05]} Qe6 {[%emt 0:00:22]} 1/2-1/2

[Event "GER-ch Blitz 2019"]
[Site "Magdeburg"]
[Date "2019.05.25"]
[Round "26.8"]
[White "Schulze, Marc"]
[Black "Barzen, Pascal"]
[Result "1-0"]
[WhiteElo "2220"]
[BlackElo "2292"]
[Annotator "NA"]
[PlyCount "81"]
[EventDate "2019.05.25"]
[EventType "tourn"]
[EventCountry "GER"]
[Tiebreak "Number of wins+Number of black wins"]
[SourceTitle "playchess.com"]
[Source "ChessBase"]
[SourceQuality "1"]
[TimeControl "180+2"]

1. d4 {[%emt 0:00:00]} Nf6 {[%emt 0:00:00]} 2. Bf4 {[%emt 0:00:00]} e6 {
[%emt 0:00:00]} 3. e3 {[%emt 0:00:01]} b6 {[%emt 0:00:00]} 4. Nf3 Bb7 5. Bd3 d5
6. Nbd2 {[%emt 0:00:04]} Bd6 {[%emt 0:00:01]} 7. Bg3 {[%emt 0:00:04]} O-O {
[%emt 0:00:01]} 8. c3 {[%emt 0:00:01]} c5 {[%emt 0:00:01]} 9. Qe2 {[%emt 0:00:
02]} Nc6 {[%emt 0:00:01]} 10. dxc5 {[%emt 0:00:02]} Bxc5 {[%emt 0:00:05]} 11.
e4 {[%emt 0:00:01]} dxe4 {[%emt 0:00:03]} 12. Nxe4 {[%emt 0:00:02]} Nxe4 {
[%emt 0:00:08]} 13. Qxe4 {[%emt 0:00:04]} g6 {[%emt 0:00:03]} 14. Qe2 {[%emt 0:
00:13]} Bd6 {[%emt 0:00:11]} 15. Rd1 {[%emt 0:00:06]} e5 {[%emt 0:00:14]} 16.
Bb5 {[%emt 0:00:18]} Qe7 {[%emt 0:00:06]} 17. O-O {[%emt 0:00:10]} f6 {[%emt 0:
00:05]} 18. Bxc6 {[%emt 0:00:03]} Bxc6 {[%emt 0:00:01]} 19. Qc4+ {[%emt 0:00:
01]} Qf7 {[%emt 0:00:04]} 20. Qxc6 {[%emt 0:00:01]} Bc5 {[%emt 0:00:01]} 21.
Qd5 {[%emt 0:00:02]} Rfd8 {[%emt 0:00:05]} 22. Qxf7+ {[%emt 0:00:17]} Kxf7 {
[%emt 0:00:01]} 23. Rfe1 {[%emt 0:00:00]} a5 {[%emt 0:00:02]} 24. Kf1 a4 25. a3
{[%emt 0:00:03]} h5 {[%emt 0:00:02]} 26. h4 {[%emt 0:00:07]} Ke7 {[%emt 0:00:
21]} 27. Ke2 {[%emt 0:00:06]} e4 {[%emt 0:00:11]} 28. Nd4 {[%emt 0:00:01]} Bxd4
{[%emt 0:00:03]} 29. Rxd4 {[%emt 0:00:04]} Rxd4 {[%emt 0:00:04]} 30. cxd4 {
[%emt 0:00:01]} Rc8 {[%emt 0:00:01]} 31. Kd2 {[%emt 0:00:04]} Rc4 {[%emt 0:00:
04]} 32. Rxe4+ {[%emt 0:00:01]} Kd7 {[%emt 0:00:01]} 33. Bf4 {[%emt 0:00:09]}
b5 {[%emt 0:00:02]} 34. Kd3 {[%emt 0:00:05]} Rc8 {[%emt 0:00:10]} 35. Re2 {
[%emt 0:00:05]} Rg8 {[%emt 0:00:04]} 36. Rc2 {[%emt 0:00:12]} g5 {[%emt 0:00:
00]} 37. hxg5 {[%emt 0:00:02]} fxg5 {[%emt 0:00:01]} 38. Be5 {[%emt 0:00:02]}
h4 {[%emt 0:00:01]} 39. Ke4 {[%emt 0:00:02]} g4 {[%emt 0:00:02]} 40. Rc7+ {
[%emt 0:00:01]} Kd8 {[%emt 0:00:01]} 41. Rh7 {[%emt 0:00:03]} 1-0

[Event "GER-ch Blitz 2019"]
[Site "Magdeburg"]
[Date "2019.05.25"]
[Round "26.9"]
[White "Heistermann, Till"]
[Black "Svane, Frederik"]
[Result "1-0"]
[WhiteElo "2181"]
[BlackElo "2342"]
[Annotator "NA"]
[PlyCount "171"]
[EventDate "2019.05.25"]
[EventType "tourn"]
[EventCountry "GER"]
[Tiebreak "Number of wins+Number of black wins"]
[SourceTitle "playchess.com"]
[Source "ChessBase"]
[SourceQuality "1"]
[TimeControl "180+2"]

1. c4 {[%emt 0:00:00]} Nf6 {[%emt 0:00:00]} 2. g3 {[%emt 0:00:00]} e6 {[%emt 0:
00:01]} 3. Bg2 {[%emt 0:00:00]} d5 {[%emt 0:00:04]} 4. Nf3 {[%emt 0:00:00]} Be7
{[%emt 0:00:01]} 5. O-O {[%emt 0:00:02]} O-O {[%emt 0:00:02]} 6. b3 {[%emt 0:
00:01]} c5 {[%emt 0:00:04]} 7. cxd5 {[%emt 0:00:06]} Nxd5 {[%emt 0:00:03]} 8.
Bb2 {[%emt 0:00:01]} Bf6 {[%emt 0:00:02]} 9. Qc1 {[%emt 0:00:00]} Nc6 {[%emt 0:
00:07]} 10. Nc3 {[%emt 0:00:01]} Nxc3 {[%emt 0:00:26]} 11. Bxc3 {[%emt 0:00:02]
} Nd4 {[%emt 0:00:03]} 12. Re1 {[%emt 0:00:09]} Bd7 {[%emt 0:00:25]} 13. e3 {
[%emt 0:00:01]} Nxf3+ {[%emt 0:00:44]} 14. Bxf3 {[%emt 0:00:01]} Bxc3 {[%emt 0:
00:01]} 15. Qxc3 {[%emt 0:00:01]} Qb6 {[%emt 0:00:01]} 16. Rac1 {[%emt 0:00:09]
} Rac8 {[%emt 0:00:01]} 17. Red1 {[%emt 0:00:03]} Bc6 {[%emt 0:00:09]} 18. Bxc6
{[%emt 0:00:04]} Rxc6 {[%emt 0:00:01]} 19. Qe5 {[%emt 0:00:18]} f6 {[%emt 0:00:
50]} 20. Qe4 {[%emt 0:00:01]} e5 {[%emt 0:00:19]} 21. Rc2 {[%emt 0:00:00]} Rd8
{[%emt 0:00:02]} 22. Rdc1 {[%emt 0:00:07]} Qa5 {[%emt 0:00:11]} 23. d3 {
[%emt 0:00:16]} Qb5 {[%emt 0:00:01]} 24. Rc3 {[%emt 0:00:11]} Rcc8 {[%emt 0:00:
05]} 25. Qc4+ {[%emt 0:00:16]} Qxc4 {[%emt 0:00:02]} 26. bxc4 {[%emt 0:00:01]}
Rd6 {[%emt 0:00:01]} 27. Kf1 {[%emt 0:00:01]} Kf7 {[%emt 0:00:01]} 28. Ke2 {
[%emt 0:00:01]} Rcd8 {[%emt 0:00:01]} 29. e4 {[%emt 0:00:02]} Ra6 {[%emt 0:00:
01]} 30. R1c2 {[%emt 0:00:02]} Ra5 {[%emt 0:00:04]} 31. Rb3 {[%emt 0:00:03]}
Rd7 {[%emt 0:00:01]} 32. Rcb2 {[%emt 0:00:02]} Ke6 {[%emt 0:00:02]} 33. Ke3 {
[%emt 0:00:05]} b6 {[%emt 0:00:01]} 34. Rb5 {[%emt 0:00:03]} Ra4 {[%emt 0:00:
02]} 35. R5b3 {[%emt 0:00:05]} g6 {[%emt 0:00:01]} 36. f4 {[%emt 0:00:01]} f5 {
[%emt 0:00:02]} 37. exf5+ {[%emt 0:00:08]} Kxf5 {[%emt 0:00:01]} 38. fxe5 {
[%emt 0:00:02]} Kxe5 {[%emt 0:00:01]} 39. a3 {[%emt 0:00:01]} Kf5 {[%emt 0:00:
06]} 40. Rf2+ {[%emt 0:00:01]} Kg5 {[%emt 0:00:05]} 41. Rf4 {[%emt 0:00:07]}
Re7+ {[%emt 0:00:01]} 42. Kf2 {[%emt 0:00:01]} h5 {[%emt 0:00:03]} 43. h4+ {
[%emt 0:00:02]} Kh6 {[%emt 0:00:01]} 44. Rf6 {[%emt 0:00:05]} Kg7 {[%emt 0:00:
01]} 45. Rd6 {[%emt 0:00:02]} Rf7+ {[%emt 0:00:02]} 46. Kg2 {[%emt 0:00:03]}
Rf6 {[%emt 0:00:01]} 47. Rd7+ {[%emt 0:00:02]} Rf7 {[%emt 0:00:01]} 48. Rd6 {
[%emt 0:00:01]} Rf6 {[%emt 0:00:03]} 49. Rd7+ {[%emt 0:00:00]} Kh6 {[%emt 0:00:
01]} 50. Re7 {[%emt 0:00:06]} g5 {[%emt 0:00:01]} 51. hxg5+ Kxg5 {[%emt 0:00:
02]} 52. Re5+ {[%emt 0:00:03]} Kg6 {[%emt 0:00:01]} 53. Re8 {[%emt 0:00:01]}
Rd6 {[%emt 0:00:02]} 54. Re7 {[%emt 0:00:05]} Rf6 {[%emt 0:00:02]} 55. Rd7 {
[%emt 0:00:02]} Re6 {[%emt 0:00:01]} 56. Rd8 {[%emt 0:00:02]} Re2+ {[%emt 0:00:
02]} 57. Kf3 {[%emt 0:00:04]} Ra2 {[%emt 0:00:00]} 58. Rd6+ {[%emt 0:00:03]}
Kg5 {[%emt 0:00:02]} 59. Rd5+ {[%emt 0:00:01]} Kg6 {[%emt 0:00:01]} 60. Rd6+ {
[%emt 0:00:00]} Kg7 {[%emt 0:00:02]} 61. Rd7+ {[%emt 0:00:01]} Kf6 {[%emt 0:00:
02]} 62. Rd6+ {[%emt 0:00:03]} Kf7 {[%emt 0:00:01]} 63. Rd7+ {[%emt 0:00:01]}
Ke6 {[%emt 0:00:01]} 64. Rd5 {[%emt 0:00:04]} R2xa3 65. Rxa3 {[%emt 0:00:01]}
Rxa3 {[%emt 0:00:00]} 66. Ke4 {[%emt 0:00:01]} b5 {[%emt 0:00:07]} 67. Rxc5 {
[%emt 0:00:07]} b4 {[%emt 0:00:01]} 68. Rxh5 {[%emt 0:00:10]} b3 {[%emt 0:00:
00]} 69. Rb5 {[%emt 0:00:03]} a5 {[%emt 0:00:04]} 70. d4 {[%emt 0:00:01]} a4 {
[%emt 0:00:01]} 71. d5+ {[%emt 0:00:01]} Kd7 {[%emt 0:00:03]} 72. c5 {[%emt 0:
00:01]} Ra2 {[%emt 0:00:02]} 73. Rb7+ {[%emt 0:00:01]} Kc8 {[%emt 0:00:01]} 74.
c6 {[%emt 0:00:01]} Re2+ {[%emt 0:00:12]} 75. Kd4 {[%emt 0:00:03]} b2 {[%emt 0:
00:02]} 76. d6 {[%emt 0:00:01]} a3 {[%emt 0:00:04]} 77. d7+ {[%emt 0:00:01]}
Kd8 {[%emt 0:00:01]} 78. Rb8+ {[%emt 0:00:02]} Ke7 {[%emt 0:00:01]} 79. d8=Q+ {
[%emt 0:00:01]} Kf7 {[%emt 0:00:02]} 80. Qg8+ {[%emt 0:00:06]} Ke7 {[%emt 0:00:
03]} 81. Qe8+ {[%emt 0:00:04]} Kd6 {[%emt 0:00:01]} 82. Qxe2 {[%emt 0:00:02]}
Kc7 {[%emt 0:00:01]} 83. Rb3 {[%emt 0:00:02]} Kxc6 {[%emt 0:00:04]} 84. Qc4+ {
[%emt 0:00:02]} Kd7 {[%emt 0:00:02]} 85. Rb7+ {[%emt 0:00:02]} Ke8 {[%emt 0:00:
02]} 86. Qg8# {[%emt 0:00:01]} 1-0

[Event "GER-ch Blitz 2019"]
[Site "Magdeburg"]
[Date "2019.05.25"]
[Round "26.10"]
[White "Heidrich, Manfred"]
[Black "Braeuning, Rudolf Wilhelm"]
[Result "1/2-1/2"]
[WhiteElo "2351"]
[BlackElo "2285"]
[Annotator "NA"]
[PlyCount "59"]
[EventDate "2019.05.25"]
[EventType "tourn"]
[EventCountry "GER"]
[Tiebreak "Number of wins+Number of black wins"]
[SourceTitle "playchess.com"]
[Source "ChessBase"]
[SourceQuality "1"]
[TimeControl "180+2"]

1. e4 {[%emt 0:00:00]} c5 {[%emt 0:00:00]} 2. c3 {[%emt 0:00:01]} d5 {[%emt 0:
00:00]} 3. exd5 {[%emt 0:00:00]} Qxd5 {[%emt 0:00:01]} 4. d4 {[%emt 0:00:01]}
Nc6 {[%emt 0:00:02]} 5. Nf3 {[%emt 0:00:01]} Bf5 {[%emt 0:00:00]} 6. Be2 {
[%emt 0:00:06]} Bxb1 {[%emt 0:00:04]} 7. Rxb1 {[%emt 0:00:01]} cxd4 {[%emt 0:
00:04]} 8. cxd4 {[%emt 0:00:02]} e6 {[%emt 0:00:02]} 9. a3 {[%emt 0:00:13]} Nf6
{[%emt 0:00:02]} 10. Be3 {[%emt 0:00:02]} Be7 {[%emt 0:00:05]} 11. O-O {
[%emt 0:00:02]} O-O {[%emt 0:00:01]} 12. Qc2 {[%emt 0:00:03]} Rac8 {[%emt 0:00:
04]} 13. Qa4 {[%emt 0:00:09]} Nd7 {[%emt 0:00:38]} 14. Rbc1 {[%emt 0:00:06]}
Nb6 {[%emt 0:00:05]} 15. Qb5 {[%emt 0:00:02]} Qxb5 {[%emt 0:00:05]} 16. Bxb5 {
[%emt 0:00:01]} Na5 {[%emt 0:00:15]} 17. Ne5 {[%emt 0:00:07]} Nb3 {[%emt 0:00:
11]} 18. Rxc8 {[%emt 0:00:09]} Rxc8 {[%emt 0:00:01]} 19. Bd3 {[%emt 0:00:01]}
Nd5 {[%emt 0:00:08]} 20. Rd1 {[%emt 0:00:04]} Bf6 {[%emt 0:00:12]} 21. Nf3 {
[%emt 0:00:07]} Na5 {[%emt 0:00:09]} 22. Rc1 {[%emt 0:00:11]} Rxc1+ 23. Bxc1 a6
{[%emt 0:00:11]} 24. Kf1 {[%emt 0:00:05]} b5 {[%emt 0:00:06]} 25. Be4 {[%emt 0:
00:10]} Kf8 {[%emt 0:00:03]} 26. Ke2 {[%emt 0:00:07]} h6 {[%emt 0:00:05]} 27.
Bxd5 {[%emt 0:00:10]} exd5 {[%emt 0:00:01]} 28. Kd3 {[%emt 0:00:00]} Ke7 {
[%emt 0:00:10]} 29. Bd2 {[%emt 0:00:05]} Nc6 {[%emt 0:00:04]} 30. h3 {[%emt 0:
00:11]} 1/2-1/2

[Event "GER-ch Blitz 2019"]
[Site "Magdeburg"]
[Date "2019.05.25"]
[Round "26.11"]
[White "Voege, Tobias"]
[Black "Kirchner, Thomas"]
[Result "0-1"]
[WhiteElo "2294"]
[BlackElo "2311"]
[Annotator "NA"]
[PlyCount "96"]
[EventDate "2019.05.25"]
[EventType "tourn"]
[EventCountry "GER"]
[Tiebreak "Number of wins+Number of black wins"]
[SourceTitle "playchess.com"]
[Source "ChessBase"]
[SourceQuality "1"]
[TimeControl "180+2"]

1. d4 {[%emt 0:00:00]} Nf6 {[%emt 0:00:00]} 2. c4 {[%emt 0:00:00]} e5 {[%emt 0:
00:00]} 3. dxe5 {[%emt 0:00:01]} Ng4 {[%emt 0:00:00]} 4. Nf3 {[%emt 0:00:01]}
Bc5 {[%emt 0:00:01]} 5. e3 {[%emt 0:00:01]} Nc6 {[%emt 0:00:01]} 6. Nc3 {
[%emt 0:00:01]} Ngxe5 {[%emt 0:00:00]} 7. Nxe5 {[%emt 0:00:01]} Nxe5 {[%emt 0:
00:01]} 8. Be2 {[%emt 0:00:01]} O-O {[%emt 0:00:02]} 9. O-O {[%emt 0:00:02]}
Re8 {[%emt 0:00:00]} 10. b3 {[%emt 0:00:01]} a5 {[%emt 0:00:01]} 11. Bb2 {
[%emt 0:00:00]} Ra6 {[%emt 0:00:01]} 12. Ne4 {[%emt 0:00:08]} Bf8 {[%emt 0:00:
01]} 13. Ng3 {[%emt 0:00:06]} Rd6 {[%emt 0:00:17]} 14. Qc2 {[%emt 0:00:09]} Rh6
{[%emt 0:00:05]} 15. Nf5 {[%emt 0:00:12]} Rg6 {[%emt 0:00:04]} 16. Qc3 {
[%emt 0:00:41]} d5 {[%emt 0:00:19]} 17. Ng3 {[%emt 0:00:10]} Bb4 {[%emt 0:00:
10]} 18. Qd4 {[%emt 0:00:14]} c6 {[%emt 0:00:38]} 19. c5 {[%emt 0:00:57]} b6 {
[%emt 0:00:16]} 20. cxb6 {[%emt 0:00:07]} Bd6 {[%emt 0:00:02]} 21. Rac1 {
[%emt 0:00:26]} Bb7 {[%emt 0:00:01]} 22. f4 {[%emt 0:00:12]} c5 {[%emt 0:00:19]
} 23. Qc3 {[%emt 0:00:05]} Nd7 {[%emt 0:00:04]} 24. Bd3 {[%emt 0:00:05]} Rxe3 {
[%emt 0:00:24]} 25. Qd2 {[%emt 0:00:04]} Rexg3 {[%emt 0:00:17]} 26. hxg3 {
[%emt 0:00:01]} Rxg3 {[%emt 0:00:01]} 27. Bb1 {[%emt 0:00:02]} d4 {[%emt 0:00:
07]} 28. Rf2 {[%emt 0:00:01]} Nf6 {[%emt 0:00:05]} 29. Re1 {[%emt 0:00:02]}
Qxb6 {[%emt 0:00:08]} 30. Rfe2 {[%emt 0:00:05]} Qc6 {[%emt 0:00:06]} 31. Rf2 {
[%emt 0:00:03]} g6 {[%emt 0:00:04]} 32. Bd3 {[%emt 0:00:01]} Ng4 {[%emt 0:00:
04]} 33. Be4 {[%emt 0:00:01]} Qc7 {[%emt 0:00:06]} 34. Rfe2 {[%emt 0:00:01]}
Ba6 {[%emt 0:00:01]} 35. Bf3 {[%emt 0:00:02]} Bxe2 {[%emt 0:00:04]} 36. Qxe2 {
[%emt 0:00:01]} Ne3 {[%emt 0:00:03]} 37. Qf2 {[%emt 0:00:01]} Bxf4 {[%emt 0:00:
02]} 38. Bc1 {[%emt 0:00:01]} Rg5 {[%emt 0:00:02]} 39. Qb2 {[%emt 0:00:01]} Re5
{[%emt 0:00:03]} 40. a3 Re8 {[%emt 0:00:01]} 41. Qf2 {[%emt 0:00:04]} Bh6 {
[%emt 0:00:01]} 42. Qh4 {[%emt 0:00:02]} Kg7 {[%emt 0:00:03]} 43. b4 {[%emt 0:
00:03]} axb4 {[%emt 0:00:02]} 44. axb4 {[%emt 0:00:00]} Qd6 {[%emt 0:00:06]}
45. bxc5 {[%emt 0:00:01]} Qxc5 {[%emt 0:00:01]} 46. Bb2 {[%emt 0:00:02]} Nf5 {
[%emt 0:00:03]} 47. Bxd4+ {[%emt 0:00:02]} Nxd4 {[%emt 0:00:08]} 48. Rxe8 {
[%emt 0:00:07]} Nxf3+ {[%emt 0:00:01]} 0-1